| 000 | 00437nam a2200181Ia 4500 | ||
|---|---|---|---|
| 001 | 23663 | ||
| 005 | 20260414150952.0 | ||
| 008 | 260414t2013||||xx |||||||||||||| ||spa|| | ||
| 041 | _aESP | ||
| 082 |
_a690 _bCH554 |
||
| 100 |
_aChing, Francis D. K. _eAUT |
||
| 245 | 0 |
_aGuía de construcción ilustrada _b |
|
| 260 | _c2013 | ||
| 300 |
_avarias paginaciones : _c27 cm. |
||
| 650 | _a0 | ||
| 654 | _aCIC | ||
| 942 |
_cLIB _dJUS _fJUS _2ddc _n |
||
| 999 |
_c23663 _d23663 |
||